| 000 | 00499cam a2200193ua 4500 | ||
|---|---|---|---|
| 020 | _cRs 25.00 | ||
| 041 |
_aeng _h |
||
| 082 |
_a604.21 _bCHA/TE |
||
| 100 | _aChandel, R P. | ||
| 245 |
_aText book of civil engineering drawing (buildings) / _cR P Chandel. _hTextual Documents |
||
| 250 |
_a2 / _b. |
||
| 260 |
_aIndia : _bB D Kataria & Sons , _c1986. |
||
| 300 | _a152 ; . | ||
| 365 | _aRs 25.00 | ||
| 504 | _a | ||
| 650 | _aEngineering Drawing | ||
| 942 | _cBK | ||
| 999 |
_c210 _d210 |
||